000 00522nam a2200169Ia 4500
999 _c36664
_d36664
003 OSt
005 20201218114521.0
008 190216s9999||||xx |||||||||||||| ||und||
040 _coclc
082 _a492.7321
_bELI/T
100 _aElias, Elias A
_97618
245 4 _aThe School Dictionary English - Arabic /
_cElias A Elias
260 _bIslamic Book Service,
_c1998.
_aNew Delhi:
300 _a343p
650 _aArabic-English Dictionary
942 _cREF
_2ddc
_h492.7321
_iELI/T
_k492.7321
_mELI/T